[Event "Chigorin Memorial 28th"]
[Site "St Petersburg"]
[Date "2021.10.31"]
[Round "9"]
[White "Ismailov, Artem Dm"]
[Black "Satanovskaia, Evgeniia"]
[Result "0-1"]
[WhiteElo "1173"]
[BlackElo "1709"]
[PlyCount "114"]
[EventDate "2021.10.23"]
[EventType "swiss"]
[EventRounds "9"]
[EventCountry "RUS"]
[SourceTitle "EXT 2023"]
[Source "ChessBase"]
[SourceDate "2022.10.05"]
[SourceVersion "1"]
[SourceVersionDate "2022.10.05"]
[SourceQuality "1"]

1. e4 e6 2. d4 d5 3. e5 c5 4. c3 Qb6 5. Nf3 Bd7 6. Bd3 cxd4 7. cxd4 Bb5 8. 0-0 Bxd3 9. Qxd3 Qa6 10. Qe3 h6 11. Nc3 Ne7 12. b4 Nf5 13. b5 Qb6 14. Qd3 Qd8 15. a4 a5 16. b6 Bb4 17. Ba3 0-0 18. g4 Nh4 19. Kh1 Nxf3 20. Qxf3 Qxb6 21. Ne2 Nc6 22. Bxb4 axb4 23. Qf4 f6 24. exf6 Rxf6 25. Qe3 e5 26. Qb3 Nxd4 27. Qxd5+ Kh8 28. Nxd4 exd4 29. Kg1 Rd8 30. Qe4 d3 31. Rad1 Rd4 32. Qe8+ Kh7 33. Rxd3 Rxg4+ 34. Rg3 Rxg3+ 35. hxg3 Qc6 36. Qxc6 Rxc6 37. Rb1 Rb6 38. Kg2 Kg6 39. f4 b3 40. Kf3 b2 41. g4 Rb4 42. Ke3 Kf6 43. a5 Ke6 44. Kd3 b5 45. f5+ Kd5 46. Kc3 Rxg4 47. Rxb2 Rg3+ 48. Kb4 Ke5 49. Rf2 Kf6 50. Kxb5 Rb3+ 51. Kc5 h5 52. Kc4 Rb1 53. Rh2 h4 54. Rg2 Kxf5 55. Rf2+ Kg4 56. Rg2+ Kf4 57. Rf2+ Kg3 0-1

[Event "Chigorin Memorial 28th"]
[Site "St Petersburg"]
[Date "2021.10.30"]
[Round "8"]
[White "Piatrenka, Ivan"]
[Black "Ismailov, Artem Dm"]
[Result "1-0"]
[WhiteElo "1837"]
[BlackElo "1173"]
[PlyCount "87"]
[EventDate "2021.10.23"]
[EventType "swiss"]
[EventRounds "9"]
[EventCountry "RUS"]
[SourceTitle "EXT 2023"]
[Source "ChessBase"]
[SourceDate "2022.10.05"]
[SourceVersion "1"]
[SourceVersionDate "2022.10.05"]
[SourceQuality "1"]

1. d4 Nf6 2. c4 c5 3. d5 d6 4. Nc3 e6 5. e4 exd5 6. cxd5 g6 7. Nf3 Bg7 8. Be2 0-0 9. Nd2 Re8 10. 0-0 a6 11. a4 Nfd7 12. Qc2 Ne5 13. h3 Qh4 14. f4 Bxh3 15. fxe5 Rxe5 16. Nf3 Qg3 17. Bd1 Rh5 18. Qf2 Qg4 19. Nh2 Qxg2+ 20. Qxg2 Bxg2 21. Kxg2 Re5 22. Bf4 Re8 23. Bxd6 Bxc3 24. bxc3 Rxe4 25. Bxc5 Nd7 26. Bd4 Rd8 27. Bf3 Rh4 28. Kg3 g5 29. Rab1 b5 30. axb5 axb5 31. Rxb5 Ra8 32. Rb7 Nf8 33. Ng4 Ng6 34. Rfb1 Kf8 35. Rb8+ Rxb8 36. Rxb8+ Ke7 37. Rb7+ Kf8 38. Bf6 Kg8 39. Rb8+ Nf8 40. d6 h5 41. Rxf8+ Kxf8 42. d7 Rxg4+ 43. Bxg4 h4+ 44. Kh3 1-0